[Event "ch-FRA Blitz Online Qual"]
[Site "Europe-Chess INT"]
[Date "2020.05.16"]
[Round "10"]
[White "Gauthier, Laurent2"]
[Black "Hamon, Christian"]
[Result "0-1"]
[WhiteElo "1704"]
[BlackElo "2015"]
[WhiteFideId "676810"]
[BlackFideId "614327"]
[EventDate "2020.05.16"]

1. e4 Nf6 2. e5 Nd5 3. c4 Nb6 4. d4 d6 5. exd6 cxd6 6. h3 g6 7. Nf3 Bg7 8. Nc3
O-O 9. Be2 Bf5 10. O-O Nc6 11. Bf4 d5 12. c5 Nc4 13. b3 N4a5 14. Qd2 b6 15. cxb6
axb6 16. Bh6 Be4 17. Bxg7 Kxg7 18. Rfd1 Bxf3 19. Bxf3 e6 20. Rdc1 Rc8 21. Ne2
Qf6 22. Rc2 Na7 23. Rac1 Rxc2 24. Rxc2 N5c6 25. a4 Na5 26. Rc3 N7c6 27. Rd3 Rc8
28. Qf4 Qxf4 29. Nxf4 Nb4 30. Re3 Rc1+ 31. Kh2 Rb1 32. Nd3 Rxb3 33. Nxb4 Rxb4
34. Bd1 Rxd4 35. Bc2 Nc4 36. Rb3 Rd2 37. Bb1 Rxf2 38. Kg3 Rd2 39. Rb4 Rb2 40.
Rxb2 Nxb2 41. Bc2 e5 42. Kf2 f5 43. Ke3 Nc4+ 44. Ke2 Kf6 45. Bb3 Ke6 46. Ba2 Kd6
47. Bb3 Kc5 48. Bc2 d4 49. g4 e4 50. gxf5 gxf5 51. Ke1 d3 52. Bd1 Kd4 53. Bh5 f4
54. Bd1 e3 55. Bb3 Ne5 56. h4 Nf3+ 57. Kf1 Nd2+ 58. Ke1 Nxb3 0-1

[Event "ch-FRA Blitz Online Qual"]
[Site "Europe-Chess INT"]
[Date "2020.05.16"]
[Round "10"]
[White "Briand, Maxime"]
[Black "Zniber, Reda"]
[Result "1/2-1/2"]
[WhiteElo "1662"]
[BlackElo "1986"]
[WhiteFideId "651016397"]
[BlackFideId "36054224"]
[EventDate "2020.05.16"]

1. c4 e5 2. Nc3 Nf6 3. g3 Bc5 4. Bg2 O-O 5. Nf3 a6 6. Nxe5 Re8 7. Nf3 Nc6 8. O-O
d6 9. d4 Ba7 10. Bg5 h6 11. Bf4 Bg4 12. h3 Bf5 13. Re1 Qd7 14. g4 Bh7 15. a3 Ne4
16. Rc1 Re7 17. e3 Rae8 18. b4 g5 19. Bh2 f5 20. gxf5 Bxf5 21. c5 dxc5 22. dxc5
Qe6 23. Nd4 Nxd4 24. exd4 Nxc3 25. Rxe6 Nxd1 26. Rxe7 Rxe7 27. Rxd1 c6 28. d5
cxd5 29. Bxd5+ Kg7 30. Bd6 Rd7 31. Kh2 Kg6 32. f4 b6 33. c6 Rxd6 34. Bf7+ Kxf7
35. Rxd6 Bb8 36. Rxh6 gxf4 37. Kg2 Be4+ 38. Kf2 Ke7 39. a4 a5 40. b5 Bc2 41. Kf3
Bxa4 42. Rh7+ Kd6 43. Rd7+ Kc5 44. c7 Bxc7 45. Rxc7+ Kxb5 46. h4 Bb3 47. Kxf4 a4
48. Ra7 Bc2 49. h5 Kb4 50. Ke3 b5 51. Kd2 Kb3 52. h6 b4 53. h7 Bxh7 54. Rxh7 Kb2
55. Kd3 b3 56. Rh2+ Ka3 57. Kc3 b2 58. Rxb2 1/2-1/2

[Event "ch-FRA Blitz Online Qual"]
[Site "Europe-Chess INT"]
[Date "2020.05.16"]
[Round "10"]
[White "Buffin, Jean"]
[Black "Roux, Baptiste"]
[Result "0-1"]
[WhiteElo "1711"]
[BlackElo "2145"]
[WhiteFideId "20699751"]
[BlackFideId "36017450"]
[EventDate "2020.05.16"]

1. d4 d5 2. c4 dxc4 3. Nf3 Nf6 4. e4 a6 5. e5 Nd5 6. Bxc4 b5 7. Bb3 Bb7 8. O-O
e6 9. Nc3 Nxc3 10. bxc3 c5 11. dxc5 Qxd1 12. Rxd1 Bxc5 13. Bg5 Nd7 14. Nd4 Nxe5
15. Bf4 Ng6 16. Bg3 O-O 17. a4 b4 18. cxb4 Bxb4 19. Nc2 Bc3 20. Rab1 Be4 21. Rd7
Ne5 22. Bxe5 Bxe5 23. Re1 Bc6 24. Rdd1 Bf6 25. Nd4 Bb7 26. h3 Rfd8 27. Nc2 Bc3
28. Rxd8+ Rxd8 29. Re2 g6 30. Ne3 Bc6 31. Rc2 Rd3 32. Bc4 Bxa4 33. Bxd3 Bxc2 34.
Bxc2 a5 35. Ba4 Kf8 36. Kf1 Ke7 37. Ke2 Kd6 38. Kd3 Bb4 39. Kc4 Ke5 40. f3 h5
41. Kd3 Kf4 42. Nf1 h4 43. Kd4 f6 44. Bb3 e5+ 45. Kd3 g5 46. Be6 f5 47. Bd5 Bc5
48. Kc4 Bd6 49. Kb5 Bb4 50. Kc4 g4 51. hxg4 fxg4 52. Kd3 g3 53. Ke2 h3 54. Ne3
h2 55. Nf1 h1=Q 56. Nxg3 Kxg3 57. f4 Qxg2+ 58. Kd3 Qxd5+ 0-1

[Event "ch-FRA Blitz Online Qual"]
[Site "Europe-Chess INT"]
[Date "2020.05.16"]
[Round "10"]
[White "Lapitski, Yaroslav"]
[Black "Nineuil, Vincent"]
[Result "0-1"]
[WhiteElo "1765"]
[BlackElo "1920"]
[WhiteFideId "13519468"]
[BlackFideId "688380"]
[EventDate "2020.05.16"]

1. Nf3 Nf6 2. c4 c5 3. Nc3 Nc6 4. d4 cxd4 5. Nxd4 g6 6. g3 Bg7 7. Bg2 O-O 8. O-O
e5 9. Nc2 d6 10. b3 Bg4 11. Ba3 Ne8 12. Ne3 Be6 13. Rc1 Rb8 14. Nb5 Nd4 15. Nxd4
exd4 16. Nc2 Qf6 17. Qd2 Bf5 18. Rfd1 Bxc2 19. Rxc2 Nc7 20. Qa5 Rfc8 21. Qb4 Bf8
22. Qd2 Ne6 23. Bd5 Bg7 24. Bxd6 Ra8 25. Ba3 Ng5 26. Bg2 a5 27. h4 Ne6 28. Bxb7
Rab8 29. Bxc8 Rxc8 30. c5 g5 31. h5 g4 32. Qxa5 Ng5 33. Rf1 Qh6 34. c6 Qxh5 35.
Qc5 Bf8 36. Qa7 Qh3 37. Bxf8 Nf3+ 38. exf3 gxf3 39. Qxf7+ Kxf7 40. c7 Qg2# 0-1

[Event "ch-FRA Blitz Online Qual"]
[Site "Europe-Chess INT"]
[Date "2020.05.16"]
[Round "10"]
[White "Brasseur, Vincent"]
[Black "Lauferon, Augustin"]
[Result "0-1"]
[WhiteElo "1603"]
[BlackElo "1865"]
[WhiteFideId "45129550"]
[BlackFideId "20655177"]
[EventDate "2020.05.16"]

1. e4 e6 2. d4 d5 3. Nc3 dxe4 4. Nxe4 Nd7 5. c3 Ngf6 6. Bd3 Be7 7. Nf3 O-O 8.
O-O b6 9. Re1 Bb7 10. Qc2 c5 11. dxc5 Nxc5 12. Nxc5 Bxc5 13. Bg5 h6 14. Bh4 Be7
15. Nd4 Qd5 16. f3 Rac8 17. Bxf6 Bxf6 18. Be4 Bxd4+ 19. cxd4 Rxc2 20. Bxd5 Bxd5
21. b3 Rfc8 22. Red1 Rb2 23. Rac1 Rxc1 24. Rxc1 Rxa2 25. Rb1 a5 26. h3 b5 27.
Kh2 a4 28. bxa4 bxa4 29. Kg3 a3 30. Rb8+ Kh7 31. Rb7 Bxb7 0-1

[Event "ch-FRA Blitz Online Qual"]
[Site "Europe-Chess INT"]
[Date "2020.05.16"]
[Round "10"]
[White "Vallee, Louis"]
[Black "Garde, Guillaume"]
[Result "1/2-1/2"]
[WhiteElo "1864"]
[BlackElo "1716"]
[WhiteFideId "45103291"]
[BlackFideId "45138273"]
[EventDate "2020.05.16"]

1. d4 d5 2. c4 dxc4 3. e4 e5 4. Nf3 exd4 5. Bxc4 Nc6 6. O-O Be6 7. Bb5 Bc5 8. b4
Bb6 9. a4 a6 10. Bxc6+ bxc6 11. a5 Ba7 12. Bb2 Nf6 13. Bxd4 Nxe4 14. Bxa7 Qxd1
15. Rxd1 Rxa7 16. Nd4 Bd5 17. f3 Nd6 18. Re1+ Kd7 19. Nc3 Rb7 20. Rab1 Rhb8 21.
Nc2 Be6 22. Na4 Bf5 23. Nc5+ Kc8 24. Nxb7 Bxc2 25. Nxd6+ cxd6 26. Rb2 Bf5 27.
Re7 Be6 28. Ra7 Bc4 29. Kf2 c5 30. Ke3 cxb4 31. Rc2 d5 32. Kd4 b3 33. Rb2 Rb7
34. Rxb7 Kxb7 35. Kc5 Kc7 36. f4 Kd7 37. f5 Ke7 38. g4 Kf6 39. Kd4 Kg5 40. Rg2
Kf4 41. Kc3 Kf3 42. Rg3+ Kf4 43. Rg1 g6 44. fxg6 fxg6 45. Rg2 Kf3 46. Rg3+ Kf4
47. g5 Ke4 48. Rh3 Kf4 49. Rg3 Kf5 50. h4 Kf4 51. Rg2 Kf3 52. Rg1 Kf4 53. Rh1
Kg4 54. Rh2 Kg3 55. Rh1 Kg4 56. Rh2 Kg3 57. Rh1 Kg4 1/2-1/2

[Event "ch-FRA Blitz Online Qual"]
[Site "Europe-Chess INT"]
[Date "2020.05.16"]
[Round "10"]
[White "Rousseau, Matthieu"]
[Black "De Monts, Louis"]
[Result "1-0"]
[WhiteElo "1862"]
[BlackElo "1630"]
[WhiteFideId "26049724"]
[BlackFideId "36088781"]
[EventDate "2020.05.16"]

1. d4 Nf6 2. Bf4 g6 3. Nf3 d6 4. c3 Bg7 5. e3 O-O 6. Nbd2 c5 7. d5 Nxd5 8. Bg3
Nf6 9. Bb5 Bd7 10. Bc4 Nc6 11. O-O a6 12. a4 Rb8 13. Qe2 Na7 14. e4 Nh5 15. Bh4
Nf4 16. Qe3 Ne6 17. Rfd1 Nc6 18. Nf1 b5 19. axb5 axb5 20. Bb3 c4 21. Bc2 Ne5 22.
Nxe5 Bxe5 23. f4 Bxf4 24. Qf2 Qb6 25. Qxb6 Rxb6 26. Bxe7 Re8 27. Bf6 Nc5 28. g3
Be5 29. Bxe5 dxe5 30. Rd5 Rc6 31. Ne3 Bh3 32. Ra5 Ne6 33. Rxe5 f6 34. Rexb5 Ng5
35. e5 Nf3+ 36. Kf2 Nxe5 37. Be4 Rce6 38. Bd5 Kg7 39. Bxe6 Rxe6 40. Ra7+ Kh6 41.
Rbb7 Nd3+ 42. Ke2 Kg5 43. Rxh7 Bg4+ 44. Kd2 Nf2 45. h4# 1-0

[Event "ch-FRA Blitz Online Qual"]
[Site "Europe-Chess INT"]
[Date "2020.05.16"]
[Round "10"]
[White "Joly, Fabrice"]
[Black "Vasselin, Louis"]
[Result "1-0"]
[WhiteElo "1957"]
[BlackElo "1590"]
[WhiteFideId "612235"]
[BlackFideId "36070238"]
[EventDate "2020.05.16"]

1. e4 e6 2. Nc3 d5 3. Nf3 c5 4. exd5 exd5 5. Bb5+ Nc6 6. Qe2+ Be6 7. O-O Be7 8.
d4 a6 9. Bxc6+ bxc6 10. Be3 cxd4 11. Nxd4 Bd7 12. Bg5 Nh6 13. Rfe1 f6 14. Bxh6
gxh6 15. Qh5+ Kf8 16. Qxh6+ Kf7 17. Qh5+ Kf8 18. Re3 Bd6 19. Rae1 c5 20. Ne6+
Bxe6 21. Rxe6 Rb8 22. Nxd5 Be5 23. Qh6+ Kf7 24. Re7+ Qxe7 25. Nxe7 Kxe7 26. f4
Rxb2 27. fxe5 Rxc2 28. Qg7+ Ke6 29. Qxh8 1-0

[Event "ch-FRA Blitz Online Qual"]
[Site "Europe-Chess INT"]
[Date "2020.05.16"]
[Round "10"]
[White "Meillon, Judicael"]
[Black "Anselin, Djavan"]
[Result "1-0"]
[WhiteElo "2063"]
[BlackElo "1499"]
[WhiteFideId "36044288"]
[BlackFideId "36080713"]
[EventDate "2020.05.16"]

1. e4 c6 2. d4 d5 3. e5 Bf5 4. g4 Bd7 5. Bd3 h6 6. f4 e6 7. Nf3 c5 8. c3 Nc6 9.
O-O Qb6 10. Qb3 Qc7 11. f5 c4 12. Bxc4 dxc4 13. Qxc4 O-O-O 14. b4 Nce7 15. Qxc7+
Kxc7 16. fxe6 Bxe6 17. Nbd2 Nd5 18. Rb1 Nxc3 19. Rb2 Ne2+ 20. Kf2 Nxd4 21. Nxd4
Rxd4 22. Nf3 Rxb4 23. Rxb4 Bxb4 24. Be3 Ne7 25. Rb1 Nc6 26. Bxa7 Bxa2 27. Rb2
Bd5 28. Nd4 Bc3 29. Nb5+ Kd7 30. Nxc3 Nxa7 31. Nxd5 Kc6 32. Nb4+ Kc7 33. Rc2+
Nc6 34. Nd5+ Kd7 35. Rb2 Nb8 36. Kg3 Na6 37. Kf4 Rc8 38. Rxb7+ Kc6 39. Rb6+ Kxd5
40. Rxa6 Rc4+ 41. Kf5 Rc6 42. Rxc6 Kxc6 43. e6 fxe6+ 44. Kxe6 g6 45. Kf6 h5 46.
g5 Kd7 47. Kxg6 h4 48. Kh7 Ke6 49. g6 Kf5 50. g7 Kg4 51. g8=Q+ Kf3 52. Kh6 Kf2
53. Kh5 h3 54. Qf7+ Kg2 55. Kg4 Kxh2 56. Qf2+ Kh1 57. Kh5 h2 58. Qf1# 1-0

[Event "ch-FRA Blitz Online Qual"]
[Site "Europe-Chess INT"]
[Date "2020.05.16"]
[Round "10"]
[White "Oumer, Walid"]
[Black "Jacquot, David"]
[Result "1-0"]
[WhiteElo "1365"]
[BlackElo "1830"]
[WhiteFideId "551016630"]
[BlackFideId "20624093"]
[EventDate "2020.05.16"]

1. e4 c5 2. Nf3 Nc6 3. d4 cxd4 4. Nxd4 e5 5. Nb5 a6 6. N5a3 Nf6 7. Nc3 b5 8.
Nab1 Bc5 9. Be2 O-O 10. O-O h6 11. Nd2 Bb7 12. a4 b4 13. Nd5 Nxd5 14. exd5 Ne7
15. Nc4 d6 16. Bf3 f5 17. Be3 Bxe3 18. Nxe3 e4 19. Be2 f4 20. Nc4 Rc8 21. Re1
Bxd5 22. b3 Bf7 23. Nxd6 Bd5 24. Nxc8 Qxc8 25. Qd4 Qxc2 26. Qxb4 e3 27. fxe3 Qg6
28. e4 Nc6 29. Qc5 Bxe4 30. Qc4+ Kh8 31. Bf1 Bxg2 32. Bxg2 f3 33. Ra2 fxg2 34.
Rxg2 Qd6 35. Qxa6 Qd4+ 36. Kh1 Qd5 37. Qb5 Qf3 38. Kg1 Qc3 39. Rf1 Rxf1+ 40.
Qxf1 Qxb3 41. Qf8+ Qg8 42. Qxg8+ Kxg8 43. Rc2 Nb4 44. Rc4 1-0

[Event "ch-FRA Blitz Online Qual"]
[Site "Europe-Chess INT"]
[Date "2020.05.16"]
[Round "10"]
[White "Coutton, Aurelien"]
[Black "Mallevaey, Guillaume"]
[Result "0-1"]
[WhiteElo "1211"]
[BlackElo "1823"]
[WhiteFideId "45121443"]
[BlackFideId "26026120"]
[EventDate "2020.05.16"]

1. d4 d5 2. c4 c6 3. Nf3 Nf6 4. Nc3 dxc4 5. a4 Bf5 6. Bf4 e6 7. e3 Bb4 8. Bxc4
O-O 9. Qb3 Qe7 10. O-O Nbd7 11. Na2 a5 12. Nxb4 axb4 13. Qxb4 Qxb4 0-1

[Event "ch-FRA Blitz Online Qual"]
[Site "Europe-Chess INT"]
[Date "2020.05.16"]
[Round "10"]
[White "Joly, Charlotte"]
[Black "Schippke, Manon"]
[Result "0-1"]
[WhiteElo "1454"]
[BlackElo "1873"]
[WhiteFideId "36022292"]
[BlackFideId "45100446"]
[EventDate "2020.05.16"]

1. d4 Nf6 2. Bf4 d5 3. e3 e6 4. h3 Bd6 5. Bxd6 Qxd6 6. Nf3 O-O 7. c3 b6 8. Bd3
Bb7 9. Nbd2 Ne4 10. O-O Nd7 11. Qc2 f5 12. Ne1 c5 13. f3 Nef6 14. e4 dxe4 15.
fxe4 cxd4 16. cxd4 Qxd4+ 17. Kh1 fxe4 18. Be2 Rac8 19. Qb3 Bd5 20. Qd1 Nc5 21.
b3 Nfd7 22. Nc4 Qxd1 23. Rxd1 Rxf1+ 24. Bxf1 Rf8 25. Kg1 Nf6 26. Nc2 Nh5 27.
N2e3 Nf4 28. Ng4 Nfd3 29. Nge5 Nxe5 30. Nxe5 Rf5 31. Ng4 Rf8 32. Bc4 Bxc4 33.
bxc4 Nd3 34. Rd2 Rc8 35. Ne3 Kf7 36. Kf1 Kf6 37. Ke2 Ke5 38. Ng4+ Kd4 39. Nf2
Rxc4 40. Nxd3 exd3+ 41. Rxd3+ Ke4 42. Re3+ Kf5 43. Rf3+ Ke5 44. Re3+ Re4 45.
Rxe4+ Kxe4 46. g3 e5 47. a4 Kd4 48. Kd2 e4 49. g4 e3+ 50. Ke2 a6 51. h4 b5 52.
axb5 axb5 53. g5 b4 54. h5 b3 55. g6 hxg6 56. hxg6 b2 57. Kf3 b1=Q 58. Kg4 Qf1
59. Kg5 e2 60. Kg4 Ke4 61. Kg5 Qg2+ 62. Kh5 Kf4 63. Kh4 Qg4# 0-1

[Event "ch-FRA Blitz Online Qual"]
[Site "Europe-Chess INT"]
[Date "2020.05.16"]
[Round "10"]
[White "Gratton, Alexandre"]
[Black "Ghazaryan, Gurgen"]
[Result "1-0"]
[WhiteElo "1792"]
[BlackElo "1403"]
[WhiteFideId "551063689"]
[BlackFideId "45137609"]
[EventDate "2020.05.16"]

1. c4 c5 2. Nf3 d6 3. g3 Nf6 4. Bg2 g6 5. O-O Bg7 6. d4 cxd4 7. Nxd4 O-O 8. Nc3
Nc6 9. Nxc6 bxc6 10. Bxc6 Rb8 11. Bg2 Bb7 12. Nd5 Nxd5 13. cxd5 e5 14. dxe6 fxe6
15. Bxb7 Rxb7 16. Rb1 d5 17. b4 Qd6 18. a3 a5 19. Bf4 e5 20. Bd2 axb4 21. Bxb4
Qc6 22. Bxf8 Rxb1 23. Qxb1 Bxf8 24. Qb3 Kg7 25. Rd1 d4 26. a4 Qa6 27. Qb5 Qa8
28. a5 h5 29. Rb1 Kh6 30. a6 h4 31. Qb7 Qd8 32. a7 hxg3 33. hxg3 d3 34. exd3
Qxd3 35. a8=Q Bc5 36. Qb3 Bxf2+ 37. Kxf2 Qd2+ 38. Kg1 Qd4+ 39. Kh2 Qd2+ 40. Qg2
Qd6 41. Qe3+ g5 42. Qh3+ Kg6 43. Rb6 Qxb6 44. Qxb6+ Kg7 45. Qd7+ Kf8 46. Qb8# 1-0

[Event "ch-FRA Blitz Online Qual"]
[Site "Europe-Chess INT"]
[Date "2020.05.16"]
[Round "10"]
[White "Spagnoli, Benjamin"]
[Black "Cornileau, Raphael"]
[Result "1-0"]
[WhiteElo "1770"]
[BlackElo "1397"]
[WhiteFideId "20667116"]
[BlackFideId "45105790"]
[EventDate "2020.05.16"]

1. d4 d5 2. c4 c6 3. Nc3 Nf6 4. Nf3 Bf5 5. cxd5 cxd5 6. Qb3 Bc8 7. Bg5 e6 8. e3
b6 9. Rc1 Bb7 10. Bb5+ Nbd7 11. Ne5 Bc8 12. Nc6 Qc7 13. Bf4 Bd6 14. Bxd6 Qxd6
15. Ne5 O-O 16. Bc6 Rb8 17. Nb5 Qe7 18. Bxd7 Bxd7 19. Rc7 Qe8 20. Nxa7 Ba4 21.
Qb4 Bd7 22. O-O Qd8 23. Rxd7 Nxd7 24. Nac6 Qc7 25. Nxb8 Nxe5 26. Na6 Qb7 27. Nc5
Nc6 28. Qb5 Qc7 29. Na6 Qb7 30. Rc1 Nb8 31. Nc5 Qa7 32. Na4 Na6 33. h3 Qa8 34.
Qxb6 Rc8 35. Rxc8+ Qxc8 36. Kh2 Nc7 37. Nc5 Qd8 38. Qc6 Ne8 39. Qd7 Qxd7 40.
Nxd7 Nf6 41. a4 Nxd7 42. a5 Nb8 43. b4 Kf8 44. b5 Ke7 45. a6 Kd7 46. a7 Kc7 47.
a8=Q Kc8 48. b6 1-0

[Event "ch-FRA Blitz Online Qual"]
[Site "Europe-Chess INT"]
[Date "2020.05.16"]
[Round "10"]
[White "Minde, Timothe"]
[Black "Ratsavong, Moukda"]
[Result "1-0"]
[WhiteElo "1075"]
[BlackElo "1789"]
[WhiteFideId "551015579"]
[BlackFideId "632872"]
[EventDate "2020.05.16"]

1. e4 c5 2. Nf3 Nc6 3. d4 cxd4 4. Nxd4 Nf6 5. Nc3 e6 6. Bb5 Bb4 7. Nxc6 bxc6 8.
Bd3 d5 9. exd5 exd5 10. O-O O-O 11. Bg5 Be7 12. Re1 Rb8 13. Qe2 Be6 14. Rab1 Re8
15. Qd2 h6 16. Bh4 Rb4 17. Bg3 Bd6 18. a3 Rb8 19. Bxd6 Qxd6 20. Be2 Red8 21. Bf3
c5 22. Red1 Qe5 23. Re1 Qd6 24. Red1 d4 25. Ne4 Nxe4 26. Bxe4 Ba2 27. Ra1 Rxb2
28. c3 Rxd2 29. Rxd2 Bc4 30. cxd4 cxd4 31. Rad1 Qe5 32. Bd3 Bxd3 33. Rxd3 g6 34.
g3 Kg7 35. Kg2 Qe4+ 36. Kg1 h5 37. h4 f6 38. Kf1 Re8 39. Kg1 Rd8 40. Kf1 g5 41.
hxg5 fxg5 42. Kg1 Kg6 43. Kf1 Qh1+ 44. Ke2 Qe4+ 45. Kf1 h4 46. gxh4 gxh4 47. Rh3
Qe2+ 48. Kxe2 1-0

[Event "ch-FRA Blitz Online Qual"]
[Site "Europe-Chess INT"]
[Date "2020.05.16"]
[Round "10"]
[White "Redjem, Mohamed"]
[Black "Kosciusko-Morizet, Antoine"]
[Result "1-0"]
[WhiteElo "1777"]
[BlackElo "1293"]
[WhiteFideId "20608128"]
[BlackFideId "45166749"]
[EventDate "2020.05.16"]

1. d4 e6 2. c4 Nf6 3. Nc3 c5 4. e3 Be7 5. Nf3 O-O 6. Bd3 Nc6 7. O-O Re8 8. b3 d5
9. Bb2 Qb6 10. dxc5 Qxc5 11. Rc1 a5 12. cxd5 Nxd5 13. Nb5 Qb6 14. Nfd4 Bd7 15.
Nxc6 Bxc6 16. Bd4 Qd8 17. a4 Ba3 18. Nxa3 Qe7 19. Nc4 Qg5 20. f3 Nb4 21. Bb1 b5
22. Ne5 Rac8 23. Nxc6 Nxc6 24. Qd3 bxa4 25. Qxh7+ Kf8 26. Bc5+ Qxc5 27. Rxc5 g6
28. Rfc1 Na7 29. Rxc8 Rxc8 30. Rxc8+ Nxc8 31. Qh8+ Ke7 32. Qxc8 axb3 33. Qc4 a4
34. Qxa4 b2 35. Qb3 Kf6 36. Qxb2+ Ke7 37. Qb7+ Kf8 38. Bxg6 Kg7 39. Qxf7+ Kh6
40. f4 e5 41. Qh7# 1-0

[Event "ch-FRA Blitz Online Qual"]
[Site "Europe-Chess INT"]
[Date "2020.05.16"]
[Round "10"]
[White "Rouast, Joseph"]
[Black "Launay, Maxence"]
[Result "1-0"]
[WhiteElo "1808"]
[BlackElo "1084"]
[WhiteFideId "45147000"]
[BlackFideId "551013231"]
[EventDate "2020.05.16"]

1. d4 d5 2. c4 e6 3. Nf3 Bd7 4. g3 Nf6 5. Bg2 a5 6. O-O Bb4 7. a3 Bd6 8. Nc3 b6
9. Qc2 O-O 10. e4 dxc4 11. e5 Bxe5 12. dxe5 Nd5 13. Ng5 Ra6 14. Qxh7# 1-0

[Event "ch-FRA Blitz Online Qual"]
[Site "Europe-Chess INT"]
[Date "2020.05.16"]
[Round "10"]
[White "Lorans, Sylvain"]
[Black "Stoll, Lucia"]
[Result "1-0"]
[WhiteElo "2086"]
[BlackElo "1561"]
[WhiteFideId "605794"]
[BlackFideId "45133301"]
[EventDate "2020.05.16"]

1. d4 d5 2. c4 e6 3. Nc3 Nf6 4. cxd5 exd5 5. Bg5 Be7 6. e3 c6 7. Bd3 Nbd7 8.
Nge2 Nf8 9. O-O Ne6 10. Bh4 g6 11. f3 O-O 12. h3 b5 13. a3 a5 14. e4 dxe4 15.
Bxe4 Nxe4 16. Bxe7 Nxc3 17. Bxd8 Nxd1 18. Bf6 Nxb2 19. d5 Nc4 20. dxe6 Bxe6 21.
Nf4 Rfe8 22. Rfe1 Bf5 23. g4 Bd7 24. Red1 Be6 25. Rd3 b4 26. axb4 axb4 27. Rb1
c5 28. Rc1 Rac8 29. h4 Nb6 30. h5 c4 31. Rd6 Na4 32. hxg6 hxg6 33. Kg2 Red8 34.
Rh1 Rxd6 35. Rh8# 1-0

[Event "ch-FRA Blitz Online Qual"]
[Site "Europe-Chess INT"]
[Date "2020.05.16"]
[Round "10"]
[White "Vie, Maxence"]
[Black "Bourgeois, Florian"]
[Result "1-0"]
[WhiteElo "1648"]
[BlackElo "2033"]
[WhiteFideId "45150168"]
[BlackFideId "690660"]
[EventDate "2020.05.16"]

1. e4 g6 2. Bc4 Bg7 3. f4 c5 4. Nf3 Nc6 5. Nc3 d6 6. O-O Nf6 7. d3 O-O 8. Qe1 a6
9. a4 Bd7 10. Qh4 Na5 11. Ba2 b5 12. f5 b4 13. Nd5 Nxd5 14. Bxd5 e6 15. Bg5 f6
16. fxg6 hxg6 17. Bxa8 fxg5 18. Nxg5 Rf6 19. Rxf6 Qxf6 20. Qh7+ Kf8 21. Rf1
Qxf1+ 22. Kxf1 1-0

[Event "ch-FRA Blitz Online Qual"]
[Site "Europe-Chess INT"]
[Date "2020.05.16"]
[Round "10"]
[White "Baroyan, Davit"]
[Black "Robine, Guillaume"]
[Result "1-0"]
[WhiteElo "2218"]
[BlackElo "1571"]
[WhiteFideId "26033607"]
[BlackFideId "45127352"]
[EventDate "2020.05.16"]

1. d4 d5 2. c4 e5 3. dxe5 d4 4. Nf3 Nc6 5. a3 a5 6. g3 Be6 7. Nbd2 Qd7 8. Bg2
Nge7 9. Nb3 O-O-O 10. Nc5 Qe8 11. Qb3 b6 12. Nxe6 fxe6 13. O-O Ng6 14. Qb5 Nb8
15. Bh3 Qxb5 16. cxb5 Bc5 17. Ng5 Rde8 18. Nxe6 Kb7 19. f4 h5 20. Nxg7 Reg8 21.
Ne6 h4 22. e3 hxg3 23. Nxc5+ bxc5 24. Bg2+ Kb6 25. hxg3 Ne7 26. exd4 Rxg3 27.
dxc5+ Kxc5 28. Kf2 Rhg8 29. Be3+ Kxb5 30. Be4 Nbc6 31. Rac1 Nf5 32. Bxc6+ 1-0

[Event "ch-FRA Blitz Online Qual"]
[Site "Europe-Chess INT"]
[Date "2020.05.16"]
[Round "10"]
[White "Ritzenthaler, Stephane"]
[Black "Bonelli Maestracci, Pierre Joseph"]
[Result "1-0"]
[WhiteElo "1988"]
[BlackElo "1545"]
[WhiteFideId "638080"]
[BlackFideId "45172870"]
[EventDate "2020.05.16"]

1. e4 c5 2. Nc3 d6 3. f4 Nc6 4. Nf3 g6 5. Bc4 Bg7 6. O-O e6 7. d3 Nge7 8. Qe1
Nd4 9. Qf2 a6 10. a4 Bd7 11. f5 exf5 12. Bg5 O-O 13. Qh4 Nxf3+ 14. Rxf3 h5 15.
Bxe7 Qb6 16. Bxf8 Qxb2 17. Bxg7 Qxa1+ 18. Rf1 Qa3 19. Qf6 Kh7 20. Qxf7 Be6 21.
Bxe6 1-0

[Event "ch-FRA Blitz Online Qual"]
[Site "Europe-Chess INT"]
[Date "2020.05.16"]
[Round "10"]
[White "El Barbry, Sarah"]
[Black "Perez Marco, Ricardo"]
[Result "1-0"]
[WhiteElo "1779"]
[BlackElo "2064"]
[WhiteFideId "26051419"]
[BlackFideId "2256401"]
[EventDate "2020.05.16"]

1. e4 c5 2. Nc3 e6 3. Bc4 a6 4. a4 Nc6 5. d3 g6 6. f4 Bg7 7. Nf3 Nge7 8. O-O d5
9. Bb3 O-O 10. Qe1 Rb8 11. Qh4 c4 12. dxc4 dxe4 13. Ng5 h6 14. Ngxe4 Nf5 15.
Qxd8 Rxd8 16. Kh1 Ncd4 17. c5 Nxb3 18. cxb3 Nd4 19. b4 Nc2 20. Rb1 Nxb4 21. Nd6
Bd7 22. Nce4 Bxa4 23. b3 Bb5 24. Rf3 Bd3 25. Ba3 Bxb1 26. Bxb4 Bxe4 27. Re3 Bd5
28. h4 h5 29. Ba5 Rd7 30. Bb6 Bd4 31. Rd3 Bf2 32. Ba7 Ra8 33. c6 Rxa7 34. cxd7
Bb6 35. Nc8 Bd8 36. Nxa7 Bxh4 37. Rc3 Kg7 38. Rc8 Bxb3 39. d8=Q Bxd8 40. Rxd8 a5
41. Nb5 a4 42. Na3 Bd5 43. Rc8 Kf6 44. Rc5 Kf5 45. Ra5 Kxf4 46. Rxa4+ Kg3 47.
Rb4 Bxg2+ 48. Kg1 Bd5 49. Nc2 1-0

[Event "ch-FRA Blitz Online Qual"]
[Site "Europe-Chess INT"]
[Date "2020.05.16"]
[Round "10"]
[White "Grosse, Ludovic"]
[Black "De Smet, Fabrice"]
[Result "1-0"]
[WhiteElo "1958"]
[BlackElo "1520"]
[WhiteFideId "26045842"]
[BlackFideId "45129657"]
[EventDate "2020.05.16"]

1. d4 Nf6 2. Nf3 e6 3. Bf4 c5 4. Nc3 d5 5. e3 Nc6 6. Nb5 Qa5+ 7. c3 cxd4 8. exd4
Ne4 9. Nc7+ Kd7 10. Nxa8 Bd6 11. Bxd6 Kxd6 12. Bd3 Bd7 13. O-O Rxa8 14. Bxe4
dxe4 15. Nd2 h5 16. Nc4+ 1-0

[Event "ch-FRA Blitz Online Qual"]
[Site "Europe-Chess INT"]
[Date "2020.05.16"]
[Round "10"]
[White "Zanin, Dario"]
[Black "Delabre, Gaspard"]
[Result "0-1"]
[WhiteElo "1918"]
[BlackElo "1449"]
[WhiteFideId "615919"]
[BlackFideId "36076627"]
[EventDate "2020.05.16"]

1. e4 d6 2. d4 Nf6 3. Nc3 e5 4. dxe5 dxe5 5. Qxd8+ Kxd8 6. Bc4 Be6 7. Bxe6 fxe6
8. f3 Bc5 9. Nge2 Nc6 10. Bg5 Ke7 11. O-O-O a6 12. Bh4 h6 13. g4 g5 14. Bg3 Rhf8
15. Kb1 Nd7 16. Rhf1 Rf7 17. h4 Raf8 18. hxg5 hxg5 19. Rd3 Nd4 20. Nxd4 Bxd4 21.
Ne2 Nc5 22. Nxd4 Nxd3 23. cxd3 exd4 24. Bxc7 Rxf3 25. Rxf3 Rxf3 26. Kc2 Rf2+ 27.
Kb3 Rg2 28. Be5 Rxg4 29. Bxd4 Rg3 30. Kc4 b5+ 31. Kc3 Kd6 32. Ba7 e5 33. Bb8+
Ke6 34. Kd2 Rf3 35. Ke2 Rf8 36. Ba7 g4 37. d4 g3 38. d5+ Kd6 39. b4 Rf4 40. Bb8+
Ke7 41. Bxe5 Rxe4+ 42. Kf3 Rxe5 0-1